01095nam a22002655i 450000100060000000300090000600500170001500700030003200800410003502000180007604000220009408000120011610000360012824501400016426000640030430000200036849000720038865000350046070000500049571000470054583000650059285200330065799900170069095201220070711695ES-MaACL20250824200907.0t|960408s1995 sp ||||0| spa j a84-921009-0-7 aM-BN bspa cM-BN a659.1231 aConejero López, Marta.94015613aLa comunicación especializada: los modelos del lenguaje publicitario / cby Marta Conejero López ; edited by Manuel Angel Conejero. a[Valencia] : bFundación Shakespeare de España, c1995. a74 p ; c17 cm.1 aThe Notebooks of the Shakespeare Foundation of Spain. Communication aLenguaje publicitario.91722401 aConejero Dionís-Bayer, Manuel Angel.9401552 aFundación Shakespeare de España.9441904aThe notebooks of the Shakespeare Foundation of Spain9228340 aES-MaACLjL-19032 bR.125079 c11695d11695 00104070aATENEOMbATENEOMcDEPO2d2008-01-17eSCl0oL-19032p1011920r2023-02-23 00:00:00w2023-02-23yMONOGRAFIA